| 000 | 00435nam a2200169Ia 4500 | ||
|---|---|---|---|
| 008 | 230718s9999 xx 000 0 und d | ||
| 041 | _aeng | ||
| 082 |
_a005.302'88 _bMUL |
||
| 100 | _aMueller S. | ||
| 245 | _aUpgrading And Repairing PCs | ||
| 250 | _a15th ed. | ||
| 260 |
_c2004 _bTechmedia publication |
||
| 300 | _a1575 | ||
| 365 |
_cRs. _b597.00 |
||
| 700 | _aMueller S. | ||
| 906 |
_dB:412/26.07.200431-Aug-2005 _cCOMP _b119.4 |
||
| 999 |
_c308112 _d308112 |
||